000 03258nam a22004094i 4500
001 15463553
003 CO-MdFUSB
005 20231030084335.0
008 080924s2009 enka g b 001 0 eng
010 _a 2008042108
020 _a9780199557028
020 _a0199557020
040 _aDLC
_cCO-MdFUSB
_dCO-MdFUSB
_dBAKER
_dYDXCP
_dBWKUK
_dBWK
_dCDX
_dDLC
_bspa
_erda
041 _aeng
082 0 0 _224
_aG 200
_bB431b
242 1 3 _aEl primate creyente
_b: reflexiones científicas, filosóficas y teológicas sobre el origen de la religión
_lInglés
245 1 4 _aThe believing primate
_b: scientific, philosophical, and theological reflections on the origin of religion
_c/ editado por Jeffrey Schloss y Michael J. Murray
264 1 _aOxford :
_bOxford University Press,
_c℗2009
264 4 _c©2009
300 _axii, 365 páginas :
_bilustraciones ;
_c24 cm.
336 _2rdacontent
_atexto
_btxt
337 _2rdamedia
_asin mediación
_bn
338 _2rdacarrier
_avolumen
_bnc
501 _aIncluye índices (p. 363- 365)
504 _aBibliografía (p. 339- 362)
505 0 _aLas teorías evolutivas de la religión: la ciencia sin restricciones o el naturalismo se vuelve salvaje? / Jeffrey Schloss -- La mano de Dios, la mente del hombre: castigo y cognición en la evolución de la cooperación / Dominic Johnson y Jesse Bering -- Religiosidad como viaje mental en el tiempo: adaptaciones cognitivas para el comportamiento religioso / Joseph Bulbulia -- Ciencia cognitiva, religión , y teología / Justin Barrett - ¿La religión es adaptativa? Sí, no, neutral Pero sobre todo no sabemos / Peter J. Richardson y Lesley Newson -- La creencia religiosa como un accidente evolutivo / Paul Bloom -- Explicando la creencia en lo sobrenatural: algunas reflexiones sobre Paul Blooms "La creencia religiosa como un accidente evolutivo" / Peter van Inwagen -- Juego de científicos / Alvin Plantinga -- Explicaciones científicas de la religión y la justificación de la creencia religiosa / Michael J. Murray -- Relatos evolutivos de la religión: explicando y explicando lejos / Michael J. Murray y Andrew Goldberg - Explicando la experiencia religiosa / Charles Taliaferro -- La humanidad en sus corazones: donde se fusionan la ciencia y la religión / Del Ratzsch -- Teología y evolución: ¿cuánto puede explicar la biología? / John Haught -- La ciencia cognitiva y la evolución de la religión: una evaluación filosófica y teológica / Nancey Murphy -- Psicología moral y la incomprensión de la religión / Jonathan Haidt -- ¿El naturalismo justifica una creencia moral en la benevolencia universal y los derechos humanos? / Christian Smith -- El constructivismo social evolutivo: estrechando (pero sin cerrar) la brecha / David Sloan Wilson
650 0 _aReligión
_xFilosofía
_91052
700 1 _aMurray, Michael J.
_eeditor
700 1 _aSchloss, Jeffrey.
_eeditor
906 _a7
_bcbc
_corignew
_d1
_eecip
_f20
_gy-gencatlg
942 _cBK
945 _aJTF-925
999 _c64247
_d64247